Use of speciality elastomers for automotives (Record no. 71960)

MARC details
000 -LEADER
fixed length control field 00418nam a2200133Ia 4500
100 ## - MAIN ENTRY--AUTHOR NAME
Personal name Okamura Shigeru
245 #0 - TITLE STATEMENT
Title Use of speciality elastomers for automotives
260 ## - PUBLICATION, DISTRIBUTION, ETC. (IMPRINT)
Name of publisher RUBCON 2002: Proceedings of the Indian Rubber Conference January 12-13. pp.22-29
Year of publication 2002
300 ## - PHYSICAL DESCRIPTION
Number of Pages 22-29
650 ## - SUBJECT ADDED ENTRY--TOPICAL TERM
Topical Term Applied elastomers
650 ## - SUBJECT ADDED ENTRY--TOPICAL TERM
Topical Term Automotive Elastomers
942 ## - ADDED ENTRY ELEMENTS (KOHA)
Koha item type Journals
Holdings
Withdrawn status Lost status Damaged status Not for loan Home library Current library Shelving location Date acquired Koha item type
      Journals RRII Library RRII Library Rubber chemistry 26/11/2002 Journals